Gia đình và những vấn đề của gia đình hiện đại

שמור ב:
מידע ביבליוגרפי
מחבר ראשי: Trần Thị Kim Xuyến
פורמט: ספר
שפה:Vietnamese
יצא לאור: Thống kê 2002
תגים: הוספת תג
אין תגיות, היה/י הראשונ/ה לתייג את הרשומה!
Thư viện lưu trữ: Mạng thư viện Đại học Đà Nẵng
LEADER 00667nam a2200253 4500
001 000021098
003 17545
005 20150403150442.0
008 150403s2002 viesd
020 |c 18000 
041 0 |a vie 
082 1 4 |a 306.85  |b TR-X 
100 1 |a Trần Thị Kim Xuyến 
245 1 0 |a Gia đình và những vấn đề của gia đình hiện đại  |c Trần Thị Kim Xuyến 
260 |b Thống kê  |c 2002 
300 |a tr.  |c cm. 
OWN |a LSP 
999 |a From the UDN01 
TYP |a Monograph 
TYP |a Printed language 
980 |a Mạng thư viện Đại học Đà Nẵng